Thực trạng và giải pháp hòa nhập xã hội dựa vào cộng đồng đối với người khuyết tật ở Quảng Bình hiện nay /
Saved in:
| Main Author: | |
|---|---|
| Other Authors: | |
| Format: | Article |
| Language: | Vietnamese |
| Subjects: | |
| Tags: |
Add Tag
No Tags, Be the first to tag this record!
|
| Institutions: | Thư viện Trường Đại học Đà Lạt |
|---|
| LEADER | 01194nam a2200289 4500 | ||
|---|---|---|---|
| 001 | DLU190189983 | ||
| 005 | ##2019321 | ||
| 040 | # | # | |a DLU |b vie |
| 041 | # | # | |a vie |
| 044 | # | # | |a vn |
| 100 | # | # | |a Nguyễn Thế Hoàn. |
| 245 | # | # | |a Thực trạng và giải pháp hòa nhập xã hội dựa vào cộng đồng đối với người khuyết tật ở Quảng Bình hiện nay / |c Nguyễn Thế Hoàn, Trần Thị Tuyết Nhung. |
| 653 | # | # | |a Cộng đồng |
| 653 | # | # | |a Hòa nhập xã hội |
| 653 | # | # | |a Người khuyết tật |
| 653 | # | # | |a Quảng Bình |
| 700 | # | # | |a Trần Thị Tuyết Nhung. |
| 773 | # | # | |t Hội thảo khoa học Quốc tế phát triển hòa nhập xã hội dựa vào cộng đồng : |b Cơ hội và thách thức = The 3rd international conference developing and inclusive society through community based approach : Opportunities and challenger |g 2017, tr. 112-120 |
| 920 | # | # | |a Phòng Sau đại học -- Trung tâm Thông tin - Thư viện Trường Đại học Đà Lạt |
| 994 | # | # | |a DLU |
| 900 | # | # | |a True |
| 911 | # | # | |a Hoàng Thị Huyền |
| 925 | # | # | |a G |
| 926 | # | # | |a A |
| 927 | # | # | |a BB |
| 980 | # | # | |a Thư viện Trường Đại học Đà Lạt |